<?xml version="1.0" encoding="UTF-8"?><?xml-stylesheet type="text/xsl" href="static/style.xsl"?><OAI-PMH xmlns="http://www.openarchives.org/OAI/2.0/" xmlns:xsi="http://www.w3.org/2001/XMLSchema-instance" xsi:schemaLocation="http://www.openarchives.org/OAI/2.0/ http://www.openarchives.org/OAI/2.0/OAI-PMH.xsd"><responseDate>2026-04-17T05:46:52Z</responseDate><request verb="GetRecord" identifier="oai:www.recercat.cat:11351/6616" metadataPrefix="marc">https://recercat.cat/oai/request</request><GetRecord><record><header><identifier>oai:recercat.cat:11351/6616</identifier><datestamp>2025-10-24T10:20:06Z</datestamp><setSpec>com_2072_378070</setSpec><setSpec>com_2072_378040</setSpec><setSpec>col_2072_378092</setSpec></header><metadata><record xmlns="http://www.loc.gov/MARC21/slim" xmlns:dcterms="http://purl.org/dc/terms/" xmlns:xsi="http://www.w3.org/2001/XMLSchema-instance" xmlns:doc="http://www.lyncode.com/xoai" xsi:schemaLocation="http://www.loc.gov/MARC21/slim http://www.loc.gov/standards/marcxml/schema/MARC21slim.xsd">
   <leader>00925njm 22002777a 4500</leader>
   <datafield ind2=" " ind1=" " tag="042">
      <subfield code="a">dc</subfield>
   </datafield>
   <datafield ind2=" " ind1=" " tag="720">
      <subfield code="a">Mora, Núria</subfield>
      <subfield code="e">author</subfield>
   </datafield>
   <datafield ind2=" " ind1=" " tag="720">
      <subfield code="a">Peremiquel Trillas, Paula</subfield>
      <subfield code="e">author</subfield>
   </datafield>
   <datafield ind2=" " ind1=" " tag="720">
      <subfield code="a">Benítez, Mència</subfield>
      <subfield code="e">author</subfield>
   </datafield>
   <datafield ind2=" " ind1=" " tag="720">
      <subfield code="a">Méndez, Leonardo</subfield>
      <subfield code="e">author</subfield>
   </datafield>
   <datafield ind2=" " ind1=" " tag="720">
      <subfield code="a">Mercadé, Albert</subfield>
      <subfield code="e">author</subfield>
   </datafield>
   <datafield ind2=" " ind1=" " tag="720">
      <subfield code="a">Coma, Ermengol</subfield>
      <subfield code="e">author</subfield>
   </datafield>
   <datafield ind2=" " ind1=" " tag="260">
      <subfield code="c">2021-11-29T08:50:18Z</subfield>
   </datafield>
   <datafield ind2=" " ind1=" " tag="260">
      <subfield code="c">2021-11-29T08:50:18Z</subfield>
   </datafield>
   <datafield ind2=" " ind1=" " tag="260">
      <subfield code="c">2021-03-25</subfield>
   </datafield>
   <datafield ind2=" " ind1=" " tag="520">
      <subfield code="a">Recerca en serveis sanitaris; Relació pacient-metge; Gestió de la salut de la població</subfield>
   </datafield>
   <datafield ind2=" " ind1=" " tag="520">
      <subfield code="a">Investigación de servicios de salud; Relación médico-paciente; Gestión de la salud de la población</subfield>
   </datafield>
   <datafield ind2=" " ind1=" " tag="520">
      <subfield code="a">Health service research; Patient-physician relationship; Population health management</subfield>
   </datafield>
   <datafield ind2=" " ind1=" " tag="520">
      <subfield code="a">Background&#xd;
There is evidence that an ongoing patient-physician relationship is associated with improved health outcomes and more efficient health systems. The main objective of this study is to describe the continuity of care in primary healthcare in Catalonia (Spain) and to analyze whether the organization of primary care practices (PCP) or their patients’ sociodemographic characteristics play a role in its continuity of care.&#xd;
Methods&#xd;
Four indices were used to measure continuity of care: Usual Provider Index (UPC), Modified Modified Continuity Index (MMCI), Continuity of Care Index (COC), and Sequential Continuity Index (SECON). The study was conducted on 287 PCP of the Catalan Institute of Health (Institut Català de la Salut—ICS). Each continuity of care index was calculated at the patient level (3.2 million patients and 35.5 million visits) and then aggregated at the PCP level. We adjusted linear regression models for each continuity index studied, considering the result of the index as an independent variable and demographic and organizational characteristics of the PCP as explanatory variables. Pearson correlation tests were used to compare the four continuity of care indices.&#xd;
Results&#xd;
Indices’ results were: UPC: 70,5%; MMCI: 73%; COC: 53,7%; SECON: 60,5%. The continuity of care indices had the highest bivariate correlation with the percentage of appointments booked with an assigned health provider (VISUBA variable: the lower the value, the higher the visits without an assigned health provider, and thus an organization favoring immediate consultation). Its R2 ranged between 56 and 63%, depending on the index. The multivariate model which explained better the variability of continuity of care indices (from 49 to 56%) included the variables VISUBA and rurality with a direct relationship; while the variables primary care physician leave days and training practices showed an inverse relationship.&#xd;
Conclusion&#xd;
Study results suggest that an organization of primary care favoring immediate consultation is related to a lower continuity of patient care.</subfield>
   </datafield>
   <datafield ind1="8" ind2=" " tag="024">
      <subfield code="a">http://hdl.handle.net/11351/6616</subfield>
   </datafield>
   <datafield tag="653" ind2=" " ind1=" ">
      <subfield code="a">Atenció primària - Catalunya</subfield>
   </datafield>
   <datafield tag="653" ind2=" " ind1=" ">
      <subfield code="a">Demografia - Catalunya</subfield>
   </datafield>
   <datafield tag="653" ind2=" " ind1=" ">
      <subfield code="a">HEALTH CARE::Health Services Administration::Patient Care Management::Comprehensive Health Care::Primary Health Care</subfield>
   </datafield>
   <datafield tag="653" ind2=" " ind1=" ">
      <subfield code="a">PUBLIC HEALTH::Population Studies in Public Health::Demography</subfield>
   </datafield>
   <datafield tag="653" ind2=" " ind1=" ">
      <subfield code="a">Catalonia</subfield>
   </datafield>
   <datafield tag="653" ind2=" " ind1=" ">
      <subfield code="a">ATENCIÓN DE SALUD::administración de los servicios de salud::gestión de la atención al paciente::atención integral de salud::atención primaria de la salud</subfield>
   </datafield>
   <datafield tag="653" ind2=" " ind1=" ">
      <subfield code="a">SALUD PÚBLICA::Estudios Poblacionales en Salud Pública::demografía</subfield>
   </datafield>
   <datafield tag="653" ind2=" " ind1=" ">
      <subfield code="a">Cataluña</subfield>
   </datafield>
   <datafield ind2="0" ind1="0" tag="245">
      <subfield code="a">Influence of organization and demographic characteristics of primary care practices on continuity of care: analysis of a retrospective cohort from 287 primary care practices covering about 6 million people in Catalonia</subfield>
   </datafield>
</record></metadata></record></GetRecord></OAI-PMH>